| 000 | 00554nam a2200181Ia 4500 | ||
|---|---|---|---|
| 008 | 090124s9999 xx 000 0 und d | ||
| 082 |
_b16860 _a1000 |
||
| 100 | _aबाबर सरोजिनी | ||
| 245 | _a रानविलासी केवडा | ||
| 250 | _a1 | ||
| 260 | _c1968 | ||
| 300 | _a691 | ||
| 600 | _aबाबर सरोजिनी | ||
| 630 | _a रानविलासी केवडा | ||
| 700 | _aबाबर सरोजिनी | ||
| 730 | _a रानविलासी केवडा | ||
| 942 | _cBOOK | ||
| 999 |
_c130800 _d130800 |
||